00912nam a2200217Ia 450000500170000000800410001702000150005805000210007310000310009424500590012525000170018426000330020130000340023449000530026850000240032150401640034550500760050965000300058565000350061565000440065020231102151411.0150817t20042014mx ||||fr|||||||1||dspa d a970613779104aKZ3410bO78 20141 aOrtiz Ahlf, Lorettaeautor10aDerecho internacional públicoc / Loretta Ortiz Ahlf a3a edición3 aMéxicob : Oxfordc , 2004 axvii, 684 páginase+ CD ROM aColección de textos jurídicos Universitarios aReimpresión: 2014 aIncluye: Dedicatoria Índice de contenido Prefacio Abreviaturas y siglas Índice onomástico Índice analítico Bibliografía al final de cada capítulo aGeneralidades El estado Las organizaciones internacionales El individuo 0aEL ESTADOxJURISDICCIÓN 0aORGANIZACIONES INTERNACIONALES 0aDERECHOS HUMANOSxDERECHO INTERNACIONAL